[Event "GER-chT U14 Girls"]
[Site "Willingen"]
[Date "2021.06.27"]
[Round "7.7"]
[White "Gerlach, Lorena"]
[Black "Adelmeyer, Nelly"]
[Result "0-1"]
[WhiteElo "1040"]
[BlackElo "1458"]
[PlyCount "130"]
[EventDate "2021.06.23"]
[EventType "team-swiss"]
[EventRounds "7"]
[EventCountry "GER"]
[SourceTitle "EXT 2022"]
[Source "ChessBase"]
[SourceDate "2021.10.06"]
[SourceVersion "1"]
[SourceVersionDate "2021.10.06"]
[SourceQuality "1"]
[WhiteTeam "Paderborn"]
[BlackTeam "Halle Roter Turm"]
[WhiteTeamCountry "GER"]
[BlackTeamCountry "GER"]

1. d4 c5 2. Nf3 e6 3. g3 d5 4. c4 dxc4 5. Qa4+ Nc6 6. Qxc4 cxd4 7. Bg2 Nge7 8. 0-0 e5 9. Rd1 Be6 10. Qa4 f6 11. e3 Bd7 12. Qc4 Na5 13. Qd3 Bf5 14. Qb5+ Bd7 15. Qd3 dxe3 16. Bxe3 Nf5 17. Bh3 Qc8 18. Nh4 Nd4 19. Bxd7+ Qxd7 20. Bxd4 Rd8 21. Qf5 Qxf5 22. Nxf5 Nc6 23. Nc3 Nxd4 24. Nxd4 exd4 25. Nb5 Bc5 26. Re1+ Kf7 27. Nc7 Rd7 28. Nb5 a6 29. Na3 Bxa3 30. bxa3 Re8 31. Rxe8 Kxe8 32. Kf1 Rc7 33. Ke2 Rc3 34. Rd1 Rxa3 35. Rxd4 Rxa2+ 36. Ke3 a5 37. Kd3 Rxf2 38. Re4+ Kf7 39. Rh4 h6 40. Ra4 b6 41. h4 Rf3+ 42. Ke4 Rxg3 43. Kd5 Rb3 44. Rc4 Rb5+ 45. Kd6 Rb4 46. Rc7+ Kg6 47. h5+ Kxh5 48. Rxg7 a4 49. Ra7 b5 50. Kc5 Rb3 51. Rd7 a3 52. Rd5+ Kg6 53. Rd1 a2 54. Ra1 Rb2 55. Rxa2 Rxa2 56. Kxb5 Rc2 57. Kb4 h5 58. Kb3 Rc8 59. Kb4 h4 60. Kb5 h3 61. Kb6 h2 62. Kb7 Rc2 63. Kb6 h1Q 64. Kb5 Qb1+ 65. Ka4 Ra2# 0-1

[Event "GER-chT U14 Girls"]
[Site "Willingen"]
[Date "2021.06.26"]
[Round "5.7"]
[White "Moldovan, Tatiana"]
[Black "Adelmeyer, Nelly"]
[Result "1-0"]
[WhiteElo "1430"]
[BlackElo "1458"]
[PlyCount "87"]
[EventDate "2021.06.23"]
[EventType "team-swiss"]
[EventRounds "7"]
[EventCountry "GER"]
[SourceTitle "EXT 2022"]
[Source "ChessBase"]
[SourceDate "2021.10.06"]
[SourceVersion "1"]
[SourceVersionDate "2021.10.06"]
[SourceQuality "1"]
[WhiteTeam "Hohentuebingen"]
[BlackTeam "Halle Roter Turm"]
[WhiteTeamCountry "GER"]
[BlackTeamCountry "GER"]

1. e4 c5 2. Nc3 Nc6 3. Bb5 g6 4. Bxc6 bxc6 5. f4 Bg7 6. Nf3 e6 7. e5 Ne7 8. 0-0 Ba6 9. d3 Nf5 10. Ne4 Qb6 11. c4 0-0 12. Re1 f6 13. exf6 Bxf6 14. Nxf6+ Rxf6 15. b3 Nd4 16. Ne5 Qc7 17. g3 d6 18. Ng4 Rff8 19. Bb2 Rae8 20. Bxd4 cxd4 21. Qc2 c5 22. Nf2 d5 23. cxd5 exd5 24. Rxe8 Rxe8 25. Rc1 Rc8 26. Ng4 Qe7 27. Ne5 g5 28. Qg2 Rd8 29. Qf3 Bb7 30. Qh5 gxf4 31. gxf4 Qg7+ 32. Kf2 Rf8 33. Kf3 c4 34. Rc2 Kh8 35. Rg2 Qf6 36. Ng6+ Kg7 37. Nxf8+ Kxf8 38. Qxh7 Qf7 39. Qh8+ Ke7 40. Rg7 c3 41. Rxf7+ Kxf7 42. Qh7+ Ke6 43. Qxb7 Kd6 44. Ke2 1-0

[Event "GER-chT U14 Girls"]
[Site "Willingen"]
[Date "2021.06.24"]
[Round "2.2"]
[White "Adelmeyer, Nelly"]
[Black "Becker, Linda"]
[Result "0-1"]
[WhiteElo "1458"]
[BlackElo "1763"]
[PlyCount "70"]
[EventDate "2021.06.23"]
[EventType "team-swiss"]
[EventRounds "7"]
[EventCountry "GER"]
[SourceTitle "EXT 2022"]
[Source "ChessBase"]
[SourceDate "2021.10.06"]
[SourceVersion "1"]
[SourceVersionDate "2021.10.06"]
[SourceQuality "1"]
[WhiteTeam "Halle Roter Turm"]
[BlackTeam "Porz SG"]
[WhiteTeamCountry "GER"]
[BlackTeamCountry "GER"]

1. d4 d5 2. Nf3 Nf6 3. e3 e6 4. Bd3 c5 5. Nbd2 Nc6 6. a3 cxd4 7. Nxd4 Qb6 8. N2f3 Bd6 9. Nb5 Bb8 10. b3 a6 11. Nc3 Ne5 12. Nxe5 Bxe5 13. Bb2 Qc7 14. Qd2 Bd7 15. f4 Bd6 16. 0-0 0-0 17. Qf2 e5 18. Qh4 h6 19. Rad1 Rfe8 20. Be2 d4 21. fxe5 Rxe5 22. Qxd4 Bc5 23. Qc4 b5 24. Qd3 Rxe3 25. Kh1 Rxd3 26. Rxd3 Bg4 27. Rg3 Bxe2 28. Nxe2 Kf8 29. b4 Bd6 30. Rc3 Qe7 31. Nd4 Re8 32. Nf5 Qe2 33. Rcf3 Be5 34. Bxe5 Rxe5 35. R3f2 Qxf2 0-1

[Event "GER-chT School WK Girls"]
[Site "Playchess.com INT"]
[Date "2020.06.17"]
[Round "4.4"]
[White "Adelmeyer, Nelly"]
[Black "Koy, Koroline"]
[Result "1-0"]
[WhiteElo "1763"]
[BlackElo "1620"]
[PlyCount "65"]
[EventDate "2020.06.10"]
[EventType "team-swiss (blitz)"]
[EventRounds "7"]
[EventCountry "GER"]
[SourceTitle "EXT 2021"]
[Source "ChessBase"]
[SourceDate "2020.10.23"]
[SourceVersion "1"]
[SourceVersionDate "2020.10.23"]
[SourceQuality "1"]
[WhiteTeam "Halle Cantor Gymn"]
[BlackTeam "Oppenheim Gymn"]
[WhiteTeamCountry "GER"]
[BlackTeamCountry "GER"]

1. d4 d5 2. Nf3 Nc6 3. e3 Bf5 4. Bb5 a6 5. Bxc6+ bxc6 6. Ne5 f6 7. Nxc6 Qd6 8. Na5 e5 9. Nb3 Qd7 10. 0-0 exd4 11. Nxd4 Bc5 12. Nxf5 Qxf5 13. Nc3 Qg6 14. Qxd5 Ne7 15. Qxa8+ Kf7 16. Qxh8 Nf5 17. Qd8 Nh4 18. g3 Nf5 19. Qd5+ Ke8 20. Qxc5 Kf7 21. Qxc7+ Ke6 22. Qc6+ Kf7 23. Qd7+ Ne7 24. Nd5 Kg8 25. Nxe7+ Kf7 26. Nxg6+ Kxg6 27. Qd3+ f5 28. Qxa6+ Kg5 29. h4+ Kg4 30. Qc4+ Kh5 31. Qf7+ Kh6 32. e4+ g5 33. hxg5# 1-0

[Event "GER-chT U12"]
[Site "Magdeburg"]
[Date "2019.12.28"]
[Round "3.5"]
[White "Adelmeyer, Nelly"]
[Black "Walter, Romeo"]
[Result "1/2-1/2"]
[WhiteElo "1453"]
[BlackElo "1501"]
[PlyCount "90"]
[EventDate "2019.12.27"]
[EventType "team-swiss"]
[EventRounds "7"]
[EventCountry "GER"]
[SourceTitle "CBM 194 Extra"]
[Source "ChessBase"]
[SourceDate "2020.03.31"]
[SourceVersion "1"]
[SourceVersionDate "2020.03.31"]
[SourceQuality "1"]
[WhiteTeam "Halle Roter Turm"]
[BlackTeam "Ostfildern"]
[WhiteTeamCountry "GER"]
[BlackTeamCountry "GER"]

1. d4 d5 2. Nf3 Nf6 3. e3 c5 4. Bd3 e6 5. Nbd2 Nc6 6. b3 b6 7. Bb2 Bb7 8. 0-0 Be7 9. a3 0-0 10. c4 Rc8 11. Qc2 Qd7 12. Rac1 Rfd8 13. dxc5 dxc4 14. Bxc4 bxc5 15. Rfd1 Qc7 16. Bd3 Rd7 17. Bxf6 Bxf6 18. Bxh7+ Kh8 19. Bd3 Rcd8 20. Ne4 Be7 21. Bc4 Rxd1+ 22. Rxd1 Rxd1+ 23. Qxd1 Ne5 24. Nxe5 Qxe5 25. Ng3 Bc6 26. Qh5+ Qxh5 27. Nxh5 g6 28. Nf4 Kg7 29. Nd3 Kf6 30. f4 Kf5 31. Ne5 Be8 32. Bd3+ Kf6 33. h4 Kg7 34. g3 f6 35. Nf3 Bc6 36. Nd2 f5 37. e4 Kf6 38. e5+ Kf7 39. Bc4 Bd5 40. Kf2 Bd8 41. Ke3 Ba5 42. Ke2 Ke7 43. Nf3 Bxc4+ 44. bxc4 Bd8 45. Nd2 Kd7 1/2-1/2

[Event "GER-ch U12 Girls"]
[Site "Willingen"]
[Date "2019.06.12"]
[Round "5"]
[White "Adelmeyer, Nelly"]
[Black "Labuda, Annika"]
[Result "1-0"]
[WhiteElo "1420"]
[BlackElo "1251"]
[PlyCount "113"]
[EventDate "2019.06.08"]
[EventType "swiss"]
[EventRounds "9"]
[EventCountry "GER"]
[SourceTitle "CBM 191 Extra"]
[Source "ChessBase"]
[SourceDate "2019.09.30"]
[SourceVersion "1"]
[SourceVersionDate "2019.09.30"]
[SourceQuality "1"]

1. d4 d5 2. Nf3 Nf6 3. e3 c5 4. Bd3 Qc7 5. b3 Bg4 6. Nbd2 e6 7. Bb2 Bd6 8. h3 Bxf3 9. Nxf3 0-0 10. 0-0 Nbd7 11. c4 Rac8 12. Qc2 cxd4 13. exd4 b6 14. Rfe1 h6 15. Ne5 Bb4 16. Re3 dxc4 17. Qxc4 Nxe5 18. dxe5 Qxc4 19. Bxc4 Nd5 20. Bxd5 exd5 21. a3 Be7 22. Rc1 Rxc1+ 23. Bxc1 Bg5 24. Rc3 Bxc1 25. Rxc1 Re8 26. f4 Re7 27. Rc6 Rd7 28. Kf2 Kf8 29. Ke3 Ke7 30. Kd4 f6 31. exf6+ gxf6 32. f5 Kf7 33. g4 Kg7 34. h4 Kf7 35. b4 Kf8 36. Rxf6+ Kg8 37. Rg6+ Kh7 38. g5 hxg5 39. hxg5 b5 40. Re6 Kg8 41. Re5 Rc7 42. Kxd5 Kf7 43. Kd6 Rb7 44. Kc6 Rb6+ 45. Kc5 Rb7 46. Re6 Kg8 47. Ra6 Kh7 48. Rg6 Rf7 49. Rf6 Rb7 50. g6+ Kg7 51. Rf7+ Rxf7 52. gxf7 Kxf7 53. Kxb5 Kf6 54. Ka6 Kxf5 55. Kxa7 Ke6 56. b5 Kd7 57. b6 1-0

[Event "GER-ch U12 Girls"]
[Site "Willingen"]
[Date "2019.06.09"]
[Round "2"]
[White "Reddi, Bhuvana"]
[Black "Adelmeyer, Nelly"]
[Result "0-1"]
[WhiteElo "1090"]
[BlackElo "1420"]
[PlyCount "86"]
[EventDate "2019.06.08"]
[EventType "swiss"]
[EventRounds "9"]
[EventCountry "GER"]
[SourceTitle "CBM 191 Extra"]
[Source "ChessBase"]
[SourceDate "2019.09.30"]
[SourceVersion "1"]
[SourceVersionDate "2019.09.30"]
[SourceQuality "1"]

1. e4 c5 2. Nf3 Nc6 3. Bb5 Qb6 4. c4 a6 5. Ba4 Qb4 6. Bb3 Na5 7. a3 Qxb3 8. Qxb3 Nxb3 9. Nc3 Nxa1 10. d3 Nc2+ 11. Kd1 Nd4 12. Ng5 Nf6 13. f3 d6 14. Be3 Nd7 15. Nd5 h6 16. Nc7+ Kd8 17. Nxf7+ Kxc7 18. Nxh8 Ne5 19. b4 Nxd3 20. Kd2 Ne5 21. Bxd4 cxd4 22. Ke2 Nxc4 23. Rc1 b5 24. Ng6 Be6 25. Kd3 Kb6 26. Kxd4 Nxa3 27. f4 Bf7 28. Nh8 Bh5 29. e5 dxe5+ 30. fxe5 e6 31. h3 Bxb4 32. g4 Bxg4 33. Ng6 Bxh3 34. Nf4 Bf5 35. Nh5 g5 36. Ng7 Bh3 37. Rh1 Bc5+ 38. Kc3 Rc8 39. Kb3 Bg2 40. Rh2 Bd5+ 41. Kb2 Bd4+ 42. Kxa3 Rc3+ 43. Kb4 a5# 0-1

[Event "GER-chT U12"]
[Site "Magdeburg"]
[Date "2018.12.27"]
[Round "2.3"]
[White "Adelmeyer, Nelly"]
[Black "Monninkhoff, Yari"]
[Result "1/2-1/2"]
[WhiteElo "1475"]
[BlackElo "1207"]
[PlyCount "57"]
[EventDate "2018.12.27"]
[EventType "team-swiss"]
[EventRounds "7"]
[EventCountry "GER"]
[SourceTitle "CBM 188 Extra"]
[Source "ChessBase"]
[SourceDate "2019.02.26"]
[SourceVersion "1"]
[SourceVersionDate "2019.02.26"]
[SourceQuality "1"]
[WhiteTeam "Halle Roter Turm"]
[BlackTeam "Berlin Empor"]
[WhiteTeamCountry "GER"]
[BlackTeamCountry "GER"]

1. e4 e5 2. Nf3 Nc6 3. d4 exd4 4. Nxd4 Bc5 5. Be3 Qf6 6. c3 Nge7 7. Be2 0-0 8. 0-0 d5 9. Nxc6 Qxc6 10. Bxc5 Qxc5 11. exd5 Nxd5 12. Nd2 Be6 13. Bf3 c6 14. Nb3 Qb6 15. Qc2 Rfe8 16. Nd4 Nf6 17. Rfe1 Bd5 18. Bxd5 Nxd5 19. Qb3 g6 20. Rad1 Rad8 21. g3 Nf6 22. Qxb6 axb6 23. f3 Kg7 24. Kf2 Rxe1 25. Rxe1 Re8 26. Rxe8 Nxe8 27. Ke3 Nd6 28. b3 Kf6 29. f4 1/2-1/2

[Event "GER-ch U12 Girls"]
[Site "Willingen"]
[Date "2018.05.25"]
[Round "10"]
[White "Wimmer, Katharina"]
[Black "Adelmeyer, Nelly"]
[Result "0-1"]
[WhiteElo "1169"]
[BlackElo "1382"]
[PlyCount "116"]
[EventDate "2018.05.19"]
[EventType "swiss"]
[EventRounds "11"]
[EventCountry "GER"]
[SourceTitle "CBM 184 Extra"]
[Source "ChessBase"]
[SourceDate "2018.06.28"]
[SourceVersion "1"]
[SourceVersionDate "2018.06.28"]
[SourceQuality "1"]

1. e4 c5 2. Nf3 d6 3. d3 Nc6 4. g3 Bg4 5. Bg2 Nf6 6. h3 Bd7 7. c4 g6 8. Be3 Bg7 9. Qd2 0-0 10. Bh6 e6 11. Bxg7 Kxg7 12. 0-0 Qc7 13. Nc3 a6 14. a4 Nd4 15. Nxd4 cxd4 16. Ne2 e5 17. b4 b5 18. cxb5 axb5 19. Rfc1 Qb7 20. a5 Rfc8 21. Qa2 Be6 22. Qa3 d5 23. f3 dxe4 24. fxe4 Qd7 25. Kh2 Rc6 26. Rc5 Rxc5 27. bxc5 Qc7 28. Qb4 Nd7 29. Qxb5 Qxc5 30. Qxc5 Nxc5 31. Nc1 Nb7 32. a6 Nc5 33. a7 Nb7 34. Ra6 Nd8 35. h4 Bc8 36. Rd6 Nb7 37. Rc6 Nd8 38. Rd6 Ne6 39. Rc6 Bb7 40. Rb6 Rxa7 41. Bh3 Bc8 42. g4 Rc7 43. Nb3 Nf4 44. Bf1 Bxg4 45. Rb5 Be6 46. Nc5 Kf6 47. Kg3 Ra7 48. Nxe6 Nxe6 49. Be2 Nf4 50. Bf1 Ra1 51. Kf2 Ra3 52. Rb6+ Kg7 53. Rb5 Ra2+ 54. Kg3 Nxd3 55. Bxd3 Ra3 56. Kg4 h5+ 57. Kf3 Rxd3+ 58. Ke2 Re3+ 0-1

[Event "GER-ch U12 Girls"]
[Site "Willingen"]
[Date "2018.05.23"]
[Round "7"]
[White "Adelmeyer, Nelly"]
[Black "Schulz, Hannah"]
[Result "0-1"]
[WhiteElo "1382"]
[BlackElo "1469"]
[PlyCount "144"]
[EventDate "2018.05.19"]
[EventType "swiss"]
[EventRounds "11"]
[EventCountry "GER"]
[SourceTitle "CBM 184 Extra"]
[Source "ChessBase"]
[SourceDate "2018.06.28"]
[SourceVersion "1"]
[SourceVersionDate "2018.06.28"]
[SourceQuality "1"]

1. e4 c6 2. d4 d5 3. e5 Bf5 4. Nf3 e6 5. Be2 Ne7 6. 0-0 Bg6 7. Bg5 Qb6 8. b3 Nf5 9. Nc3 Bb4 10. Na4 Qc7 11. c4 h6 12. Bf4 0-0 13. c5 Qc8 14. a3 Ba5 15. b4 Bc7 16. Nc3 f6 17. b5 Nd7 18. Bd3 fxe5 19. Bxe5 Nxe5 20. Nxe5 Bxe5 21. dxe5 cxb5 22. Qg4 Bh7 23. Qb4 a6 24. Rfb1 Rb8 25. a4 bxa4 26. Nxa4 Ne7 27. Bxh7+ Kxh7 28. Nb6 Qc7 29. Re1 Nc6 30. Qb1+ Kh8 31. Qb2 Rf5 32. Qb1 Rbf8 33. Re2 Nxe5 34. Qc2 Ng4 35. g3 Rxf2 36. Rxf2 Nxf2 37. Qg6 Ne4 38. Rc1 Qf7 39. Qxf7 Rxf7 40. c6 bxc6 41. Rxc6 Re7 42. Na4 e5 43. Rxa6 d4 44. Nb2 Nc3 45. Rd6 Kg8 46. Kf2 Kf7 47. Ke1 Re6 48. Rd7+ Kf6 49. Nd3 g5 50. Nc5 Rb6 51. Nd3 Kf5 52. Nf2 Rb1+ 53. Kd2 Rb2+ 54. Ke1 Re2+ 55. Kf1 Ra2 56. Ke1 Ne4 57. g4+ Kf4 58. Rf7+ Ke3 59. Nd1+ Kd3 60. Rf3+ Kc4 61. Rf8 Nc3 62. Rc8+ Kd3 63. Nf2+ Ke3 64. Kf1 Rxf2+ 65. Ke1 Rxh2 66. Kf1 Kd3 67. Kg1 Re2 68. Kf1 e4 69. Rh8 e3 70. Rxh6 Rf2+ 71. Ke1 Rg2 72. Rh3 Rg1# 0-1

[Event "GER-ch U12 Girls"]
[Site "Willingen"]
[Date "2018.05.21"]
[Round "3"]
[White "Adelmeyer, Nelly"]
[Black "Werner, Rosalie"]
[Result "1/2-1/2"]
[WhiteElo "1382"]
[BlackElo "1639"]
[PlyCount "57"]
[EventDate "2018.05.19"]
[EventType "swiss"]
[EventRounds "11"]
[EventCountry "GER"]
[SourceTitle "CBM 184 Extra"]
[Source "ChessBase"]
[SourceDate "2018.06.28"]
[SourceVersion "1"]
[SourceVersionDate "2018.06.28"]
[SourceQuality "1"]

1. e4 d5 2. exd5 Qxd5 3. Nc3 Qd6 4. d4 c6 5. Nf3 Bg4 6. Be2 Nf6 7. 0-0 e6 8. Bg5 Nbd7 9. Qd2 Qc7 10. Bf4 Qd8 11. Ne5 Nxe5 12. Bxe5 Bxe2 13. Nxe2 h6 14. Qf4 Nd5 15. Qg3 Qg5 16. c4 Qxg3 17. Nxg3 Nb6 18. b3 f6 19. Bf4 Be7 20. Rfe1 Kf7 21. Re2 Rhe8 22. Rae1 Bb4 23. Bd2 Bxd2 24. Rxd2 Rad8 25. Red1 Rd7 26. Ne4 Red8 27. Nc5 Re7 28. a4 a5 29. Ne4 1/2-1/2

[Event "GER-ch U12 Girls"]
[Site "Willingen"]
[Date "2018.05.21"]
[Round "4"]
[White "Feige, Adelina"]
[Black "Adelmeyer, Nelly"]
[Result "0-1"]
[WhiteElo "1166"]
[BlackElo "1382"]
[PlyCount "46"]
[EventDate "2018.05.19"]
[EventType "swiss"]
[EventRounds "11"]
[EventCountry "GER"]
[SourceTitle "CBM 184 Extra"]
[Source "ChessBase"]
[SourceDate "2018.06.28"]
[SourceVersion "1"]
[SourceVersionDate "2018.06.28"]
[SourceQuality "1"]

1. d4 d5 2. c4 e6 3. Nc3 Nf6 4. cxd5 exd5 5. Bg5 Be7 6. Nf3 0-0 7. e3 Bg4 8. h3 Bf5 9. Bd3 Bxd3 10. Qxd3 Nbd7 11. Ne5 c6 12. Qf5 Nxe5 13. dxe5 Nd7 14. Bf4 Nc5 15. Rd1 Qc8 16. Qc2 Qe6 17. a3 Nd7 18. e4 d4 19. Rxd4 Nxe5 20. Bxe5 Qxe5 21. Rd7 Rab8 22. 0-0 Bd6 23. Qb3 Qh2# 0-1

[Event "GER-chT U10"]
[Site "Magdeburg"]
[Date "2017.12.29"]
[Round "7.3"]
[White "Adelmeyer, Nelly"]
[Black "Butusov, Maxim"]
[Result "1-0"]
[WhiteElo "1463"]
[BlackElo "1034"]
[PlyCount "107"]
[EventDate "2017.12.27"]
[EventType "team-swiss"]
[EventRounds "7"]
[EventCountry "GER"]
[SourceTitle "EXT 2019"]
[Source "ChessBase"]
[SourceDate "2018.10.10"]
[SourceVersion "1"]
[SourceVersionDate "2018.10.10"]
[SourceQuality "1"]
[WhiteTeam "Halle Roter Turm"]
[BlackTeam "Brackel"]
[WhiteTeamCountry "GER"]
[BlackTeamCountry "GER"]

1. e4 e5 2. Nf3 Nc6 3. d4 d5 4. dxe5 dxe4 5. Qxd8+ Nxd8 6. Ng5 Bf5 7. Nc3 Bb4 8. Bd2 Bxc3 9. Bxc3 f6 10. exf6 gxf6 11. Nh3 Bxh3 12. gxh3 h5 13. Bg2 Nc6 14. 0-0-0 Rh6 15. Bxe4 Nge7 16. Rhe1 Rd8 17. Bxc6+ bxc6 18. Rxd8+ Kxd8 19. Re6 Ng8 20. Rxc6 Kd7 21. Ra6 Ne7 22. Rxa7 Nc6 23. Ra6 f5 24. Ra8 Re6 25. Kd1 Rd6+ 26. Kc1 Re6 27. Rf8 Ne5 28. Bxe5 Rxe5 29. Rh8 f4 30. Rf8 Re4 31. Rf5 h4 32. Rh5 f3 33. Rf5 Ke6 34. Rxf3 Kd5 35. Rf7 Re2 36. Kd1 Re5 37. Rf4 Re4 38. Rxe4 Kxe4 39. a4 Kd5 40. b4 Kc6 41. a5 Kb5 42. c4+ Ka6 43. f4 c5 44. bxc5 Kb7 45. f5 Kc7 46. f6 Kd7 47. a6 Kc6 48. a7 Kxc5 49. a8Q Kxc4 50. Qd8 Kc5 51. f7 Kc6 52. f8Q Kb5 53. Qc7 Ka6 54. Qf1# 1-0

[Event "GER-ch U10 Girls"]
[Site "Willingen"]
[Date "2017.06.05"]
[Round "3"]
[White "Hubert, Charlotte"]
[Black "Adelmeyer, Nelly"]
[Result "1-0"]
[WhiteElo "1028"]
[BlackElo "1187"]
[PlyCount "109"]
[EventDate "2017.06.04"]
[EventType "swiss"]
[EventRounds "11"]
[EventCountry "GER"]
[SourceTitle "CBM 178 Extra"]
[Source "ChessBase"]
[SourceDate "2017.06.22"]
[SourceVersion "1"]
[SourceVersionDate "2017.06.22"]
[SourceQuality "1"]

1. e4 c5 2. Nf3 d6 3. c3 Bg4 4. d4 cxd4 5. cxd4 d5 6. exd5 Qxd5 7. Be2 Nc6 8. h3 Bh5 9. Nc3 Qd7 10. d5 Bxf3 11. gxf3 Rd8 12. dxc6 Qxd1+ 13. Bxd1 bxc6 14. Be3 a5 15. Ba4 Rd6 16. Rc1 Re6 17. Ne2 Kd7 18. Nd4 Rg6 19. Bxc6+ Kd8 20. Nb5 Re6 21. Kd2 Rf6 22. Bb6+ Kc8 23. Be4+ Kd7 24. Rc7+ Ke6 25. Rc6+ Kd7 26. Rxf6 Nxf6 27. Bxa5 g6 28. Bc3 Bg7 29. Ra1 Rd8 30. Kc2 Rc8 31. a4 Nxe4 32. fxe4 Bxc3 33. Nxc3 Ra8 34. b4 Kc6 35. a5 e6 36. b5+ Kb7 37. e5 Rc8 38. Kb3 Ra8 39. Ne4 Rf8 40. Nd6+ Ka7 41. Ra4 f5 42. Rc4 Rb8 43. Rc7+ Ka8 44. Rc8 Rxc8 45. Nxc8 Kb7 46. Nd6+ Ka7 47. Kc4 Kb8 48. Kc5 Kc7 49. a6 Kb8 50. Kc6 h5 51. a7+ Kxa7 52. Kc7 g5 53. b6+ Ka6 54. b7 Ka5 55. b8Q 1-0

[Event "GER-chT U10"]
[Site "Magdeburg"]
[Date "2016.12.29"]
[Round "6.3"]
[White "Adelmeyer, Nelly"]
[Black "Yin, Haode"]
[Result "0-1"]
[WhiteElo "1144"]
[BlackElo "1352"]
[PlyCount "96"]
[EventDate "2016.12.27"]
[EventType "team-swiss"]
[EventRounds "7"]
[EventCountry "GER"]
[SourceTitle "EXT 2018"]
[Source "ChessBase"]
[SourceDate "2017.10.13"]
[SourceVersion "1"]
[SourceVersionDate "2017.10.13"]
[SourceQuality "1"]
[WhiteTeam "Halle Roter Turm"]
[BlackTeam "Paderborn Akademie"]
[WhiteTeamCountry "GER"]
[BlackTeamCountry "GER"]

1. e4 e6 2. d4 d5 3. exd5 exd5 4. Bd3 Bd6 5. Qe2+ Ne7 6. Nf3 Bg4 7. 0-0 Nbc6 8. h3 Nxd4 9. Qe3 Nxf3+ 10. gxf3 Bxh3 11. Re1 Qd7 12. Qg5 0-0-0 13. Kh1 Nf5 14. Qh5 g6 15. Bxf5 Qxf5 16. Qxf5+ Bxf5 17. Nc3 c6 18. Bg5 Rde8 19. Bf6 Rhg8 20. Rac1 Kd7 21. Ne2 Be7 22. Bd4 Bd8 23. Bxa7 b6 24. a4 Bc7 25. a5 bxa5 26. Bc5 g5 27. Nd4 Be6 28. Nxe6 Rxe6 29. Rxe6 fxe6 30. Rg1 h6 31. Be3 e5 32. Kg2 Ke6 33. Kh3 Rf8 34. Kg4 Kf6 35. c3 Kg6 36. Bc5 Rb8 37. b4 d4 38. cxd4 exd4 39. Bxd4 Rxb4 40. Rd1 Bb6 41. Kg3 Rxd4 42. Rxd4 Bxd4 43. f4 gxf4+ 44. Kxf4 a4 45. Ke4 a3 46. Kxd4 a2 47. Ke4 a1Q 48. Kf3 Qe5 0-1

[Event "GER-chT U10"]
[Site "Magdeburg"]
[Date "2016.12.28"]
[Round "5.3"]
[White "Schachner Blume, Leander"]
[Black "Adelmeyer, Nelly"]
[Result "0-1"]
[WhiteElo "843"]
[BlackElo "1144"]
[PlyCount "40"]
[EventDate "2016.12.27"]
[EventType "team-swiss"]
[EventRounds "7"]
[EventCountry "GER"]
[SourceTitle "EXT 2018"]
[Source "ChessBase"]
[SourceDate "2017.10.13"]
[SourceVersion "1"]
[SourceVersionDate "2017.10.13"]
[SourceQuality "1"]
[WhiteTeam "Duesseldorf SV"]
[BlackTeam "Halle Roter Turm"]
[WhiteTeamCountry "GER"]
[BlackTeamCountry "GER"]

1. e4 e5 2. Nf3 Nc6 3. Nc3 Nf6 4. Bc4 Bb4 5. a3 Bc5 6. d3 0-0 7. Bg5 d6 8. Nd5 Be6 9. Bxf6 gxf6 10. 0-0 Bxd5 11. Bxd5 Qd7 12. Qd2 Kh8 13. Qh6 Rg8 14. Rad1 Rg6 15. Qh5 Rag8 16. Nh4 Rg5 17. Qh6 Qh3 18. g3 Rxg3+ 19. hxg3 Rxg3+ 20. Ng2 Qxg2# 0-1

[Event "GER-ch U10 Girls"]
[Site "Willingen"]
[Date "2016.05.18"]
[Round "6"]
[White "Adelmeyer, Nelly"]
[Black "Zhou, Lepu Coco"]
[Result "1/2-1/2"]
[WhiteElo "1086"]
[BlackElo "1381"]
[PlyCount "105"]
[EventDate "2016.05.15"]
[EventType "swiss"]
[EventRounds "11"]
[EventCountry "GER"]
[SourceTitle "CBM 172 Extra"]
[Source "ChessBase"]
[SourceDate "2016.06.21"]
[SourceVersion "1"]
[SourceVersionDate "2016.06.21"]
[SourceQuality "1"]

1. e4 e5 2. Nf3 Nc6 3. d4 exd4 4. Nxd4 Nf6 5. Nc3 Bb4 6. Nxc6 bxc6 7. Bd2 Bxc3 8. Bxc3 d5 9. f3 0-0 10. Be5 Qe7 11. Qd4 Be6 12. Bxf6 Qxf6 13. Qxf6 gxf6 14. 0-0-0 dxe4 15. Kb1 exf3 16. gxf3 Rfd8 17. Bg2 Rd6 18. Rxd6 cxd6 19. f4 Rc8 20. Rd1 d5 21. Rg1 Kf8 22. Rf1 f5 23. Bh3 c5 24. Re1 d4 25. Re5 c4 26. Bxf5 Bxf5 27. Rxf5 Re8 28. a3 Re1+ 29. Ka2 Re2 30. Rd5 Rxh2 31. Rxd4 Rxc2 32. Kb1 Rf2 33. Rxc4 h5 34. Kc1 h4 35. f5 h3 36. f6 Rxf6 37. Rh4 Rf3 38. Kd2 Rf2+ 39. Kc3 h2 40. b4 f5 41. Kd3 f4 42. Ke4 Kg7 43. Kf5 Kf7 44. Kg4 Kf6 45. a4 Ke5 46. a5 Kd6 47. b5 Kc5 48. Rh5+ Kd6 49. b6 axb6 50. axb6 Kc6 51. Rh6+ Kb7 52. Kg5 Kc8 53. Rh7 1/2-1/2

[Event "GER-ch U10 Girls"]
[Site "Willingen"]
[Date "2016.05.17"]
[Round "5"]
[White "Adelmeyer, Nelly"]
[Black "Pohle, Saskia"]
[Result "1-0"]
[WhiteElo "1086"]
[BlackElo "1228"]
[PlyCount "105"]
[EventDate "2016.05.15"]
[EventType "swiss"]
[EventRounds "11"]
[EventCountry "GER"]
[SourceTitle "CBM 172 Extra"]
[Source "ChessBase"]
[SourceDate "2016.06.21"]
[SourceVersion "1"]
[SourceVersionDate "2016.06.21"]
[SourceQuality "1"]

1. e4 e5 2. Nf3 Nc6 3. d4 exd4 4. Nxd4 Bc5 5. Nb3 Bb6 6. Nc3 Nf6 7. Bg5 h6 8. Bh4 d6 9. Qf3 Be6 10. Bxf6 Qxf6 11. Qxf6 gxf6 12. 0-0-0 Bxf2 13. Bb5 Bd7 14. Rdf1 Be3+ 15. Kb1 Bg5 16. h4 Be3 17. Rxf6 0-0-0 18. Nd5 Bd4 19. Rxf7 Rhf8 20. Rxf8 Rxf8 21. Bxc6 Bxc6 22. Nxd4 Bxd5 23. exd5 Re8 24. Nb5 Kb8 25. Rf1 h5 26. a3 a6 27. Nc3 Re7 28. Rg1 Rg7 29. Nd1 Rg6 30. Nf2 Rg3 31. Ne4 Rg4 32. Nf6 Rxh4 33. g4 hxg4 34. Rxg4 Rh1+ 35. Ka2 Rf1 36. Ne4 Rf7 37. Kb3 Ka7 38. Kb4 Kb6 39. c4 Re7 40. Nc3 a5+ 41. Kb3 Rf7 42. Rg8 Kc5 43. Rg4 Kb6 44. Na4+ Ka6 45. Rg8 Ka7 46. Nc3 Re7 47. Nb5+ Kb6 48. Ka4 Kc5 49. Kxa5 Kxc4 50. Rg4+ Kxd5 51. Nc3+ Kc5 52. b3 Re8 53. Rc4# 1-0